Eastern Utah Libraries Catalog: Duchesne, Heber, Roosevelt, & Vernal

Prohibition (Record no. 128348)

MARC details
000 -LEADER
fixed length control field 04349cgm a2200877Ia 4500
001 - CONTROL NUMBER
control field ocn738476083
003 - CONTROL NUMBER IDENTIFIER
control field OCoLC
005 - DATE AND TIME OF LATEST TRANSACTION
control field 20241220141453.0
008 - FIXED-LENGTH DATA ELEMENTS--GENERAL INFORMATION
fixed length control field 110705s2011 cau360 vleng d
007 - PHYSICAL DESCRIPTION FIXED FIELD--GENERAL INFORMATION
fixed length control field vd mvaizs
040 ## - CATALOGING SOURCE
Original cataloging agency LPU
Language of cataloging eng
Transcribing agency LPU
Modifying agency TEF
-- TEFMT
-- GK8
-- GRC
-- ZAG
-- JST
-- VP@
-- JRI
-- KSU
-- WCM
-- OCLCO
-- FGM
-- OCLCA
-- OCLCF
-- P4I
-- OCLCO
-- SEA
-- LOY
-- UINTA
020 ## - INTERNATIONAL STANDARD BOOK NUMBER
International Standard Book Number 9781608834303
020 ## - INTERNATIONAL STANDARD BOOK NUMBER
International Standard Book Number 1608834301
020 ## - INTERNATIONAL STANDARD BOOK NUMBER
International Standard Book Number 9781415760284
020 ## - INTERNATIONAL STANDARD BOOK NUMBER
International Standard Book Number 1415760284
024 1# - OTHER STANDARD IDENTIFIER
Standard number or code 841887014335
024 10 - OTHER STANDARD IDENTIFIER
Standard number or code 097368224742
028 42 - PUBLISHER NUMBER
Publisher number 822474
Source PBS Home Video
029 1# - (OCLC)
OCLC library identifier NZ1
System control number 14733167
035 ## - SYSTEM CONTROL NUMBER
System control number (OCoLC)738476083
041 1# - LANGUAGE CODE
Language code of text/sound track or separate title eng
-- spa
-- spa
Language code of original and/or intermediate translations of text eng
043 ## - GEOGRAPHIC AREA CODE
Geographic area code n-us---
050 #4 - LIBRARY OF CONGRESS CALL NUMBER
Classification number HV5089
Item number .P737 2011
082 04 - DEWEY DECIMAL CLASSIFICATION NUMBER
Classification number 363.41/0973
Edition number 23
049 ## - LOCAL HOLDINGS (OCLC)
Holding library UCLB
092 ## - LOCALLY ASSIGNED DEWEY CALL NUMBER (OCLC)
Classification number 363.41
245 00 - TITLE STATEMENT
Title Prohibition
Medium [videorecording] /
Statement of responsibility, etc a production of Florentine Films and WETA Television ; written by Geoffrey C. Ward ; produced by Sarah Botstein, Lynn Novick and Ken Burns ; directed by Ken Burns and Lynn Novick.
250 ## - EDITION STATEMENT
Edition statement Full screen.
257 ## - COUNTRY OF PRODUCING ENTITY FOR ARCHIVAL FILMS
Country of producing entity United States.
-- naf
260 ## - PUBLICATION, DISTRIBUTION, ETC. (IMPRINT)
Place of publication, distribution, etc Culver City, Calif. :
Name of publisher, distributor, etc PBS Home Video,
Date of publication, distribution, etc [2011]
300 ## - PHYSICAL DESCRIPTION
Extent 3 videodiscs (ca. 360 min.) :
Other physical details sd., col. with b&w sequences ;
Dimensions 4 3/4 in.
336 ## - Content Type
Content type term two-dimensional moving image
337 ## - Media type
Media type term video
338 ## - Carrier type
Carrier type term videodisc
538 ## - SYSTEM DETAILS NOTE
System details note DVD, region 1, full screen (1.33:1) presentation; Dolby Digital stereo.
546 ## - LANGUAGE NOTE
Language note English or Spanish dialogue with optional Spanish subtitles. Subtitles for the deaf and hard of hearing (SDH).
511 0# - PARTICIPANT OR PERFORMER NOTE
Participant or performer note Narrated by Peter Coyote with Patricia Clarkson, Blythe Danner, Paul Giamatti, Tom Hanks, John Lithgow and Oliver Platt.
508 ## - CREATION/PRODUCTION CREDITS NOTE
Creation/production credits note Cinematography, Buddy Squires with Allen Moore and Stephen McCarthy ; edited by Tricia Reidy, Erick Ewers and Ryan Gifford.
521 8# - TARGET AUDIENCE NOTE
Target audience note Not rated.
500 ## - GENERAL NOTE
General note Videodisc release of the 2011 television mini-series
505 00 - FORMATTED CONTENTS NOTE
Miscellaneous information Disc 1:
Title A nation of drunkards , special features --
Miscellaneous information Disc 2:
Title A nation of scofflaws --
Miscellaneous information Disc 3:
Title A nation of hypocrites.
520 ## - SUMMARY, ETC.
Summary, etc This videodisc explores the extraordinary story of what happens when a freedom-loving nation outlaws the sale of intoxicating liquor, and the disastrous unintended consequences that follow. The utterly relevant cautionary tale raises profound questions about the proper role of government and the limits of legislating morality. When the country goes dry in 1920, after a century of debate, millions of law-abiding Americans become lawbreakers overnight.
500 ## - GENERAL NOTE
General note Special features: additional scenes ; interviews ; outtakes.
650 #0 - SUBJECT ADDED ENTRY--TOPICAL TERM
Topical term or geographic name as entry element Prohibition
Geographic subdivision United States
General subdivision History.
9 (RLIN) 6518834
651 #0 - SUBJECT ADDED ENTRY--GEOGRAPHIC NAME
Geographic name United States
General subdivision History
Chronological subdivision 1919-1933.
9 (RLIN) 93215
650 #0 - SUBJECT ADDED ENTRY--TOPICAL TERM
Topical term or geographic name as entry element Liquor laws
Geographic subdivision United States
General subdivision History.
9 (RLIN) 6518835
650 #7 - SUBJECT ADDED ENTRY--TOPICAL TERM
Topical term or geographic name as entry element Prohibición alcohólica
Geographic subdivision Estados Unidos
General subdivision Historia.
Source of heading or term bidex
9 (RLIN) 6518836
651 #7 - SUBJECT ADDED ENTRY--GEOGRAPHIC NAME
Geographic name Estados Unidos
General subdivision Historia
Chronological subdivision 1919-1933.
Source of heading or term bidex
9 (RLIN) 6518837
650 #7 - SUBJECT ADDED ENTRY--TOPICAL TERM
Topical term or geographic name as entry element Bebidas alcohólicas
Geographic subdivision Estados Unidos
General subdivision Historia.
Source of heading or term bidex
9 (RLIN) 6518838
650 #7 - SUBJECT ADDED ENTRY--TOPICAL TERM
Topical term or geographic name as entry element Liquor laws.
Source of heading or term fast
-- (OCoLC)fst00999731
9 (RLIN) 6276391
650 #7 - SUBJECT ADDED ENTRY--TOPICAL TERM
Topical term or geographic name as entry element Prohibition.
Source of heading or term fast
-- (OCoLC)fst01078761
9 (RLIN) 6276392
651 #7 - SUBJECT ADDED ENTRY--GEOGRAPHIC NAME
Geographic name United States.
Source of heading or term fast
-- (OCoLC)fst01204155
9 (RLIN) 6276393
648 #7 - SUBJECT ADDED ENTRY--CHRONOLOGICAL TERM
Chronological term 1919 - 1933
Source of heading or term fast
9 (RLIN) 6276394
655 #7 - INDEX TERM--GENRE/FORM
Genre/form data or focus term History.
Source of term fast
-- (OCoLC)fst01411628
9 (RLIN) 5675940
655 #7 - INDEX TERM--GENRE/FORM
Genre/form data or focus term Documentary television programs.
Source of term lcgft
9 (RLIN) 6276395
655 #7 - INDEX TERM--GENRE/FORM
Genre/form data or focus term Nonfiction television programs.
Source of term lcgft
9 (RLIN) 5674022
655 #7 - INDEX TERM--GENRE/FORM
Genre/form data or focus term Television mini-series.
Source of term lcgft
9 (RLIN) 6276396
655 #7 - INDEX TERM--GENRE/FORM
Genre/form data or focus term Video recordings for the hearing impaired.
Source of term lcgft
9 (RLIN) 6276397
700 1# - ADDED ENTRY--PERSONAL NAME
Personal name Coyote, Peter.
Relator code nrt
9 (RLIN) 60371
700 1# - ADDED ENTRY--PERSONAL NAME
Personal name Clarkson, Patricia.
Relator code nrt
9 (RLIN) 61703
700 1# - ADDED ENTRY--PERSONAL NAME
Personal name Danner, Blythe.
Relator code prf
9 (RLIN) 19632
700 1# - ADDED ENTRY--PERSONAL NAME
Personal name Giamatti, Paul.
Relator code prf
9 (RLIN) 66921
700 1# - ADDED ENTRY--PERSONAL NAME
Personal name Hanks, Tom.
Relator code prf
9 (RLIN) 29715
700 1# - ADDED ENTRY--PERSONAL NAME
Personal name Lithgow, John,
Dates associated with a name 1945-
Relator code prf
9 (RLIN) 29919
700 1# - ADDED ENTRY--PERSONAL NAME
Personal name Platt, Oliver.
Relator code prf
9 (RLIN) 62020
700 1# - ADDED ENTRY--PERSONAL NAME
Personal name Ward, Geoffrey C.
Relator code aus
9 (RLIN) 19956
700 1# - ADDED ENTRY--PERSONAL NAME
Personal name Botstein, Sarah,
Dates associated with a name 1972-
Relator code pro
9 (RLIN) 74614
700 1# - ADDED ENTRY--PERSONAL NAME
Personal name Novick, Lynn.
Relator code pro
-- drt
9 (RLIN) 40925
700 1# - ADDED ENTRY--PERSONAL NAME
Personal name Burns, Ken,
Dates associated with a name 1953-
Relator code pro
-- drt
9 (RLIN) 35455
710 2# - ADDED ENTRY--CORPORATE NAME
Corporate name or jurisdiction name as entry element Florentine Films.
9 (RLIN) 16235
710 2# - ADDED ENTRY--CORPORATE NAME
Corporate name or jurisdiction name as entry element WETA-TV (Television station : Washington, D.C.)
9 (RLIN) 3930
710 2# - ADDED ENTRY--CORPORATE NAME
Corporate name or jurisdiction name as entry element PBS Home Video.
9 (RLIN) 60883
942 ## - ADDED ENTRY ELEMENTS (KOHA)
Koha item type DVD
994 ## -
-- C0
-- UINTA
998 ## - LOCAL CONTROL INFORMATION (RLIN)
-- a204214
Holdings
Withdrawn status Lost status Source of classification or shelving scheme Materials specified (bound volume or other part) Damaged status Not for loan Collection code Home library Current library Shelving location Date acquired Source of acquisition Cost, normal purchase price Total Checkouts Total Renewals Full call number Barcode Date last seen Date checked out Cost, replacement price Price effective from Koha item type Public note
    Dewey Decimal Classification .CIRCNOTE. 3 discs     Movies Wasatch County Library Wasatch County Library Audio Visual Area 11/07/2011   39.99 18 2 DVD 363.41 Pro 34301001034034 07/13/2024 07/10/2024 39.99 03/20/2020 DVD .PUBLIC. 3 discs
This project was made possible through a grant from the Institute of Museum and Library Service administered by the Utah State Library Division.

Wasatch County Library

  • 465 East 1200 South, Heber City, Utah 84032
  • Phone 435-654-1511 | Fax 435-654-6456

Hours

  • Monday - Friday 9:30 AM - 8:00 PM
  • Saturday 9:30 AM - 1:30 PM
  • Closed Sundays and Holidays